| 000 | 02247nam a2200385Ia 4500 | ||
|---|---|---|---|
| 001 | ebr10135414 | ||
| 003 | CaPaEBR | ||
| 006 | m u | ||
| 007 | cr cn||||||||| | ||
| 008 | 041001s2005 nyu sb 001 0 eng d | ||
| 010 | _z 2004059777 | ||
| 020 | _z1403978883 | ||
| 020 | _z1403968152 | ||
| 040 |
_aCaPaEBR _cCaPaEBR |
||
| 035 | _a(OCoLC)560535398 | ||
| 050 | 1 | 4 |
_aPR2992.S47 _bE97 2005eb |
| 082 | 0 | 4 |
_a822.3/3 _222 |
| 100 | 1 | _aEvett, David. | |
| 245 | 1 | 0 |
_aDiscourses of service in Shakespeare's England _h[electronic resource] / _cDavid Evett. |
| 260 |
_aNew York : _bPalgrave Macmillan, _cc2005. |
||
| 300 | _aviii, 286 p. | ||
| 504 | _aIncludes bibliographical references and index. | ||
| 505 | 0 | _aCh. 1. The paradox of service and freedom -- Ch. 2. The hop and the pole : the limits of materialism -- Ch. 3. "Surprising confrontations" : discourses of service in The taming of the shrew -- Ch. 4. "Monsieur, we are not lettered" : classical influences and the early modern marketplace -- Ch. 5. "Clubs, bills, and partisans" : retainer violence and male bonding -- Ch. 6. Fidelis Servus...: good service and the obligations of obedience -- Ch. 7. ...Perpetuus Asinus : bad service and the primacy of the will -- Ch. 8. "A place in the story" : gender, commodity, alienation, and service -- Ch. 9. "As willing as bondage e'er of freedom" : the vindication of willing service in The tempest. | |
| 533 |
_aElectronic reproduction. _bPalo Alto, Calif. : _cebrary, _d2011. _nAvailable via World Wide Web. _nAccess may be limited to ebrary affiliated libraries. |
||
| 600 | 1 | 0 |
_aShakespeare, William, _d1564-1616 _xCharacters _xHousehold employees. |
| 650 | 0 |
_aMaster and servant _zEngland _xHistory _y16th century. |
|
| 650 | 0 |
_aMaster and servant _zEngland _xHistory _y17th century. |
|
| 650 | 0 |
_aHousehold employees _zEngland _xHistory _y16th century. |
|
| 650 | 0 |
_aHousehold employees _zEngland _xHistory _y17th century. |
|
| 650 | 0 | _aMaster and servant in literature. | |
| 650 | 0 | _aHousehold employees in literature. | |
| 655 | 7 |
_aElectronic books. _2local |
|
| 710 | 2 | _aebrary, Inc. | |
| 856 | 4 | 0 |
_uhttp://site.ebrary.com/lib/rucke/Doc?id=10135414 _zAn electronic book accessible through the World Wide Web; click to view |
| 999 |
_c187581 _d187581 |
||